Statistics for Countries by Population Difference Between Biggest 2 Cities on a Map

Click here to take the quiz!

General Stats

  • This quiz has been taken 31 times
  • The average score is 75 of 111

Answers on the Map

Answers color-coded by a green-red scale on the quiz's map according to % correct below.
 

Answer Stats

HintHintAnswer% Correct
24,350,000IIndonesia
100%
20,700,000JJapan
96%
15,620,000EEgypt
89%
17,650,000MMexico
89%
14,700,000NNigeria
89%
11,650,000RRussia
89%
15,986,000BBangladesh
85%
11,100,000CChina
85%
10,200,000DDemocratic Republic of the Congo
85%
9,420,000FFrance
85%
8,200,000IIndia
85%
20,675,000SSouth Korea
85%
7,502,000AAngola
81%
14,730,000AArgentina
81%
9,200,000BBrazil
81%
12,100,000IIran
81%
12,098,000PPhilippines
81%
9,140,000TThailand
81%
10,050,000TTurkey
81%
11,650,000UUnited Kingdom
81%
6,973,000MMalaysia
78%
9,796,000PPeru
78%
3,400,000UUnited States
74%
3,717,000AAfghanistan
70%
5,783,000CChile
70%
5,575,000CColombia
70%
4,270,000EEthiopia
70%
5,480,000IIraq
70%
1,419,000JJordan
70%
3,439,000KKenya
70%
1,374,000MMongolia
70%
2,225,000MMorocco
70%
3,503,000MMyanmar
70%
4,800,000PPakistan
70%
3,100,000SSaudi Arabia
70%
1,201,000UUruguay
70%
3,924,000VVietnam
70%
1,912,000ZZambia
70%
1,869,000AAlgeria
67%
1,889,000AAustria
67%
1,470,000BBelarus
67%
3,225,000CCanada
67%
1,698,000CCuba
67%
2,031,000DDominican Republic
67%
2,226,000GGreece
67%
1,551,000HHungary
67%
1,975,000IItaly
67%
1,584,000MMali
67%
2,442,000NNorth Korea
67%
1,559,000RRomania
67%
1,893,000SSenegal
67%
1,293,000SSomalia
67%
4,906,000SSudan
67%
1,108,000SSweden
67%
1,677,000TTaiwan
67%
5,582,000TTanzania
67%
1,977,000TTogo
67%
1,835,000UUkraine
67%
1,938,000UUzbekistan
67%
1,993,000YYemen
67%
1,038,000BBelgium
63%
995,000BBulgaria
63%
985,000BBurkina Faso
63%
1,076,000CCambodia
63%
1,050,000DDenmark
63%
949,000FFinland
63%
966,000GGuinea
63%
1,200,000LLebanon
63%
1,014,000PPoland
63%
5,850,000SSingapore
63%
1,165,000SSouth Africa
63%
1,875,000SSpain
63%
1,148,000UUganda
63%
1,193,000UUnited Arab Emirates
63%
1,125,000VVenezuela
63%
822,000ZZimbabwe
63%
972,000AArmenia
59%
901,000AAzerbaijan
59%
1,086,000CCosta Rica
59%
943,000CCzech Republic
59%
567,000GGabon
59%
975,000GGeorgia
59%
700,000GGermany
59%
3,859,000IIvory Coast
59%
730,000KKazakhstan
59%
756,000KKyrgyzstan
59%
545,000LLatvia
59%
965,000LLiberia
59%
500,000LLibya
59%
949,000MMadagascar
59%
1,028,000NNew Zealand
59%
935,000SSerbia
59%
594,000BBolivia
56%
814,000CChad
56%
768,000EEcuador
56%
503,000EEritrea
56%
825,000IIreland
56%
528,000LLaos
56%
840,000MMauritania
56%
596,000MMozambique
56%
738,000NNepal
56%
867,000NNicaragua
56%
711,000NNiger
56%
722,000RRwanda
56%
782,000SSwitzerland
56%
685,000TTajikistan
56%
668,000TTurkmenistan
56%
705,000AAlbania
52%
537,000CCroatia
52%
658,000RRepublic of the Congo
52%
856,000SSierra Leone
52%

Score Distribution

Percentile by Number Answered

Percent of People with Each Score

Your Score History

You have not taken this quiz